000 00652cam a22002173a 4500
001 42535
003 PGUSA
005 20140828083949.0
008 130414s2013||||xxu|||||s|||||000 | eng d
040 _aPGUSA
_beng
042 _adc
100 1 _aAimard, Gustave,
_d1818-1883
245 1 4 _aThe Tiger-Slayer :
_bA Tale of the Indian Desert
_h[electronic resource] /
_cGustave Aimard
260 _bProject Gutenberg,
_c2013
506 _aPublic domain in the USA.
516 _aElectronic text
700 1 _aWraxall, Lascelles,
_cSir,
_d1828-1865
830 0 _aProject Gutenberg
_v42535
856 4 0 _uhttp://www.gutenberg.org/ebooks/42535
942 _cEB
999 _c271787
_d271787